000 00821nam a2200253 a 4500
001 53033
003 BD-RJULM
005 20211209075910.0
008 161002r19611970enk 001 0 eng d
035 _aBD-RjUL53153
040 _aBD-RjUL
_beng
_cBD-RjUL
041 _aeng
082 _223
_a532.5
_bCHH 1970
100 1 _aChandrasekhar, S.
_q(Subrahmanyan),
_d1910-1995
_9158501
245 1 0 _aHydrodynamic and hydromagnetic stability /
_cby S. Chandrasekhar
260 _aOxford :
_bClarendon Press,
_c1961 [reprint 1970]
300 _a654 p. :
_bill. ;
_c24 cm
504 _aIncludes index
650 0 _aFluid dynamics.
_9155807
650 0 _aMagnetohydrodynamics.
_9158502
650 0 _aStability
_9155910
830 0 _aInternational series of monographs on physics (Oxford, England)
_9153862
942 _2ddc
_cBK
999 _c53033
_d53033